Answers Start with "Mel-" - Statistics

General Stats
  • This quiz has been taken 260 times
  • The average score is 10 of 18
Answer Stats
Hint Answer % Correct
To be changed from a solid to liquid state melt
97%
A pleasing succession or arrangement of sounds melody
92%
Australian city Melbourne
91%
Plants of the family Cucurbitaceae with sweet, edible, fleshy fruit melon
85%
A feeling of pensive sadness, typically with no obvious cause melancholy
77%
A dark brown to black pigment occurring in the hair and skin melanin
71%
A malignant tumor associated with skin cancer melanoma
70%
A hormone involved in synchronizing circadian rhythms melatonin
65%
Fictional work in which emotions take priority over characterization melodrama
59%
A confused fight, skirmish, or scuffle melee
53%
1992–1998 prime time soap opera with Heather Locklear Melrose Place
41%
Subregion of Oceania Melanesia
39%
A mixture; a medley melange
29%
A dry, crisp, thinly sliced rusk, often topped with cheese or pâté {melba} {toast}
22%
An autonomous city of Spain in North Africa Melilla
21%
1995 diamond-certified double album by the Smashing Pumpkins Mellon Collie and the Infinite Sadness
18%
Handheld musical instrument with keyboard that is blown into melodica
16%
Magnetic-tape-playing keyboard used on "Strawberry Fields Forever" Mellotron
10%
No matching quizzes found
Score Distribution
Percent of People with Each Score
Percentile by Number Answered
Your Score History
You have not taken this quiz